| 000 | 00444nam a22001817a 4500 | ||
|---|---|---|---|
| 005 | 20250705103201.0 | ||
| 008 | 250705b |||||||| |||| 00| 0 eng d | ||
| 020 |
_a9780571233540 _qpbk |
||
| 041 | _aeng | ||
| 082 | _a823.92 TAY | ||
| 100 | _aTaylor Sam | ||
| 245 |
_aThe Amnesiac _c/ Sam Taylor |
||
| 250 | _a1st ed | ||
| 260 |
_aLondon _bFaber & Faber _c2007 |
||
| 300 |
_a384p. : _c22cm |
||
| 650 | _aEnglish Fiction | ||
| 942 | _cENGLISH | ||
| 999 |
_c574779 _d574779 |
||